ՀՀ Գիտությունների ազգային ակադեմիայի հիմնարար գիտական գրադարան  =   Fundamental Scientific Library of NAS RA

Տունը : (Record no. 87313)

MARC details
000 -LEADER
fixed length control field 00868nam a2200193 a 4500
001 - CONTROL NUMBER
control field 000245121
003 - CONTROL NUMBER IDENTIFIER
control field AM-YeHGA
005 - DATE AND TIME OF LATEST TRANSACTION
control field 20250618071635.0
008 - FIXED-LENGTH DATA ELEMENTS--GENERAL INFORMATION
fixed length control field 030709s1984 ai 000 | arm d
040 ## - CATALOGING SOURCE
Original cataloging agency AM-YeHGA
090 ## - LOCALLY ASSIGNED LC-TYPE CALL NUMBER (OCLC); LOCAL CALL NUMBER (RLIN)
-- 88597
245 10 - TITLE STATEMENT
Title Տունը :
Remainder of title [Վեպ] /
Statement of responsibility, etc. Ֆ. Աբրամով; Թարգմ.՝ Դ. Եսայան; Խմբ.՝ Գ. Գ. Խաչատրյան.
260 ## - PUBLICATION, DISTRIBUTION, ETC.
Place of publication, distribution, etc. Երևան :
Name of publisher, distributor, etc. Սովետական գրող,
Date of publication, distribution, etc. 1984.
300 ## - PHYSICAL DESCRIPTION
Extent 310 էջ ;
Dimensions 20 սմ.
500 ## - GENERAL NOTE
General note «Տունը» վեպով ավարտվում է «Պրյասլինները» վիպաշարը, որը 1975թթ. արժանացել է ՍՍՀՄ պետական մրցանակի
650 14 - SUBJECT ADDED ENTRY--TOPICAL TERM
Topical term or geographic name entry element Ռուս գրականություն
General subdivision Վեպ
9 (RLIN) 4829
700 1# - ADDED ENTRY--PERSONAL NAME
Personal name Եսայան, Դորա Գարեգինի,
Dates associated with a name 1926-1994
Relator term թարգմ.
Relationship trl
9 (RLIN) 1879
700 1# - ADDED ENTRY--PERSONAL NAME
Personal name Խաչատրյան, Գ.Գ.
Relator term խմբ.
Relationship edt
Holdings
Withdrawn status Lost status Damaged status Not for loan Collection Home library Current library Date acquired Total checkouts Full call number Barcode Date last seen Price effective from Koha item type Public note
        General Fundamental Scientific Library Fundamental Scientific Library 22/12/2016   882 220070155 22/12/2016 22/12/2016 Գրքեր / Books 30 Days Loan
        General Fundamental Scientific Library Fundamental Scientific Library 22/12/2016   882 220070156 22/12/2016 22/12/2016 Գրքեր / Books 30 Days Loan
        General Fundamental Scientific Library Fundamental Scientific Library 22/12/2016   882 220070217 22/12/2016 22/12/2016 Գրքեր / Books 30 Days Loan


ՀՀ ԳԱԱ հիմնարար գիտական գրադարան
ՀՀ,Երևան 0019
Մարշալ Բաղրամյան 24/6
հեռախոս:(374-10) 52-47-50
Հետադարձ կապ

All site content, except where otherwise noted, is licensed under a
Creative Commons License